000 00933nam a2200241Ia 4500
003 OSt
005 20220923225320.0
006 a|||||r|||| 00| 0
007 ta
008 220922b |||||||| |||| 00| 0 hin d
024 _a263,296
037 _cTextual
040 _aARTS
_cARTS
_bhin
041 _2hin
_ahin
082 _aC4, 152K0
100 _aसाहा, एम एन; श्रीवास्तव, बी एन
_9168598
245 0 _aउष्मा की पाठय - पुस्तक, अनु द प्र खण्डेलवाल
246 _aUṣhmā kī pāṭhaya - pustaka, anu0 da0 pra0 khaṇḍelavāla
260 _aकलकत्ता
_b साइन्स बुक एजेन्सी
_c1960
300 _a494पृ.
_ccm.
942 _hC4, 152K0
_cTEXL
_2CC
999 _c377528
_d377528